<?xml version="1.0" encoding="UTF-8"?>
<marc:record xmlns:marc="http://www.loc.gov/MARC21/slim">
   <marc:leader>00000nam a2200000 a 4500</marc:leader>
   <marc:datafield ind1="1" ind2=" " tag="100">
      <marc:subfield code="a">Nimmo, Jenny</marc:subfield>
      <marc:subfield code="4">aut</marc:subfield>
      <marc:subfield code="e">Verfasser/-in</marc:subfield>
   </marc:datafield>
   <marc:datafield ind1="0" ind2="0" tag="245">
      <marc:subfield code="a">Charlie Bone - und das Schloss der tausend Spiegel</marc:subfield>
   </marc:datafield>
   <marc:datafield ind1="0" ind2="0" tag="245">
      <marc:subfield code="c">Jenny Nimmo</marc:subfield>
   </marc:datafield>
   <marc:datafield ind1=" " ind2="1" tag="264">
      <marc:subfield code="a">Ravensburg</marc:subfield>
      <marc:subfield code="b">Ravensburger Buchverl.</marc:subfield>
      <marc:subfield code="c">2006</marc:subfield>
   </marc:datafield>
   <marc:datafield ind1="1" ind2=" " tag="490">
      <marc:subfield code="a">Charlie Bone</marc:subfield>
      <marc:subfield code="v">4</marc:subfield>
   </marc:datafield>
   <marc:datafield ind1="1" ind2=" " tag="520">
      <marc:subfield code="a">Quelle: Bücherschau (Büchereiservice des ÖGB) (http://www.buecherei.at/); #Der Kampf zwischen den guten und den bösen Nachfahren des Roten Königs geht weiter - und damit gehen auch die Abenteuer von Charlie Bone in die nächste Runde. Ausgangspunkt ist diesmal der Versuch des uralten Ezekiel Bloor, den kriegerischsten und hinterhältigsten Sohn des Roten Königs mit Hilfe von im Garten der Bloor-Akademie gefundenen Knochen und einem Herz-Juwel wiederzubeleben. Dabei geht aber etwas schief und plötzlich erscheint ein Geisterpferd.#Dieses Pferd scheint es auf Charlie Bone abgesehen zu haben. Dabei hat der wahrlich schon genug um die Ohren, denn seinem alten Widersacher Manfred Bloor, Urenkel von Ezekiel und inzwischen Hilfslehrer, ist es gelungen, Charlies Zauberstab zu stehlen und zu verbrennen. Zudem ist Charlies Freund Billy Raven endlich adoptiert worden, aber mit den Eltern scheint irgendetwas nicht zu stimmen. Kinder mögen sie offensichtlich nicht, aber warum haben sie Billy dann überhaupt bei sich aufgenommen? So steht Charlie denn vor der dringenden Aufgabe, das Geheimnis um Billys Adoptiveltern zu lösen - dabei würde er sich viel lieber um das Schloss mit den tausend Spiegeln kümmern. Schließlich hat er einige Anzeichen dafür gefunden, dass dort sein verschwundener Vater gefangen gehalten wird.#Auch das vierte Buch um Charlie Bone erweist sich als echter Schmöker, den man kaum aus der Hand legen mag, bevor man ihn fasziniert verschlungen hat. Und am Ende bleibt die Neugierde, wie es wohl mit Charlie Bone weitergehen mag, denn die Reihe ist ja noch nicht an ihrem Ende angelangt.#Jost W. Kramer</marc:subfield>
   </marc:datafield>
   <marc:datafield ind1=" " ind2=" " tag="020">
      <marc:subfield code="a">9783473344765</marc:subfield>
      <marc:subfield code="9">9783473344765</marc:subfield>
   </marc:datafield>
   <marc:datafield ind1=" " ind2=" " tag="041">
      <marc:subfield code="a">ger</marc:subfield>
   </marc:datafield>
   <marc:datafield ind1=" " ind2=" " tag="300">
      <marc:subfield code="a">327 S.</marc:subfield>
   </marc:datafield>
</marc:record>
